000
00326nam a2200145Ia 4500
100
_a
Person R/ Rose/K
942
_c
BK
654
_a
Using windows 3.1
245
_a
Using Windows 3.1.
260
_b
Prentice Hall of India
_a
New Delhi
_c
1995
082
_a
005.13 'W'
300
_a
1019
546
_a
ENGLISH
999
_c
30243
_d
30243